Derecho penal en las relaciones laborales públicas y privadas / (Registro nro. 28832)
[ vista simple ]
| 000 -LEADER | |
|---|---|
| fixed length control field | 01343nam a2200253Ia 4500 |
| 003 - CONTROL NUMBER IDENTIFIER | |
| control field | CO-CtgCURN |
| 005 - DATE AND TIME OF LATEST TRANSACTION | |
| control field | 20250408190353.0 |
| 008 - FIXED-LENGTH DATA ELEMENTS--GENERAL INFORMATION | |
| fixed length control field | 190723s9999 xx 000 0 und d |
| 020 ## - INTERNATIONAL STANDARD BOOK NUMBER | |
| International Standard Book Number | 9586532801 |
| 040 ## - CATALOGING SOURCE | |
| Original cataloging agency | CO-CtgCURN |
| Language of cataloging | spa |
| Transcribing agency | coctgcurn |
| 082 ## - DEWEY DECIMAL CLASSIFICATION NUMBER | |
| Classification number | 345.026 |
| Item number | G643d |
| 100 ## - MAIN ENTRY--PERSONAL NAME | |
| Personal name | González Mongui, Pablo Elias |
| 245 #0 - TITLE STATEMENT | |
| Title | Derecho penal en las relaciones laborales públicas y privadas / |
| Statement of responsibility, etc. | Pablo Elias González Mongui |
| 260 ## - PUBLICATION, DISTRIBUTION, ETC. | |
| Place of publication, distribution, etc. | Bogotá, Colombia : |
| Name of publisher, distributor, etc. | Legis, |
| Date of publication, distribution, etc. | 2001 |
| 300 ## - PHYSICAL DESCRIPTION | |
| Extent | 252 páginas ; |
| Dimensions | 23 centímetros |
| 504 ## - BIBLIOGRAPHY, ETC. NOTE | |
| Bibliography, etc. note | Incluye referencias bibliográficas (p. 249-252) |
| 505 ## - FORMATTED CONTENTS NOTE | |
| Formatted contents note | 1. Antecedentes historicos del derecho penal en las relaciones laborales -- 2. protección constitucional al trabajo -- 3. Derecho penal del trabajo. Significado y alcance -- 4. Delitos contra la libertad de trabajo y asociacion. Inviolabilidad del lugar de trabajo -- 5. Los servidores públicos -- 6. Aspectos penales en la legislacion laboral colombiana -- 7. La detencion preventiva y el arresto correccional como causales de suspension o terminacion de la relacion laboral |
| 521 ## - TARGET AUDIENCE NOTE | |
| Target audience note | AREA PROFESIONAL |
| 590 ## - LOCAL NOTE (RLIN) | |
| Local note | Programa de Derecho_18 |
| 650 ## - SUBJECT ADDED ENTRY--TOPICAL TERM | |
| Topical term or geographic name entry element | Derecho laboral |
| 650 ## - SUBJECT ADDED ENTRY--TOPICAL TERM | |
| Topical term or geographic name entry element | Derecho penal |
| 942 ## - ADDED ENTRY ELEMENTS (KOHA) | |
| Koha item type | Libros |
| Classification part | 345.026 |
| Item part | G643d |
| Source of classification or shelving scheme | Dewey Decimal Classification |
| Suppress in OPAC | No |
| Withdrawn status | Lost status | Damaged status | Not for loan | Collection | Home library | Current library | Shelving location | Date acquired | Inventory number | Total checkouts | Full call number | Barcode | Date last seen | Copy number | Price effective from | Koha item type |
|---|---|---|---|---|---|---|---|---|---|---|---|---|---|---|---|---|
| Miguel Henríquez Castañeda Barranquilla | Miguel Henríquez Castañeda Barranquilla | General | 05/23/2018 | 01544 | 345.026 G643d | 01544 | 07/23/2019 | ej.1 | 07/23/2019 | Libros |